000 00338 a2200157 4500
001 177148
020 _a
040 _cMagnum
100 _aWerneck, Leny
240 1 0 _aA musica dos instrumentos
_lpor
245 1 0 _aA musica dos instrumentos
362 0 _a1899
440 1 _aMelhoramentos
697 _aMAGNITO: MUSICA
942 _cBK
999 _c177148
_d177148